000 00276nam a22001217a 4500
008 181031b xxu||||| |||| 00| 0 eng d
041 _aeng
080 _a721
100 _a41
101 _aNDE
245 _aThe Patterns Of English Building
_cTaylor.A.C
942 _2udc
_cBK
999 _c51342
_d51342